000 00298nam a22001097a 4500
008 151016b xxu||||| |||| 00| 0 eng d
020 _a0155414968.
082 _a338.5 CLO
100 _aCLOWER ROBERT W,
245 _aINTERMEDIATE MICROECONOMICS:
260 _aNEW YORK:
_bHARCOURT BRACE JOVANOVICH
_c1988.
999 _c3668
_d3668